Quizzes
Events
Quiz Creation
Community
Videos
Private Events
Remove Ads
Sign In
Join for FREE
Feedback
Dark Mode
Quiz Categories
Sports
Geography
Music
Movies
Television
Just For Fun
Miscellaneous
History
Literature
Language
Science
Gaming
Entertainment
Religion
Holiday
For Kids
Quiz Lab
Recent
Popular Today
Quiz Kudos Today
Editor Picks
Curator Picks
Quizzes by...
Day
Popularity
Type
Ratings
Length
Year
Community
Subscriptions
Recent Discussions
Orange Saloon
Badges
Playlists
Quests
Create
Leaderboards
Showdown
Live 5
Trivia Bingo
Activity
Puzzle Library
Sporcle Events
Private Events
Virtual Trivia
Globe League
Become a Host
Pub Owners
SporcleCon
Opinionation
Our Games
Videos
Blog
Mobile Apps
Partnerships
Remove Ads and Go Orange
Feedback
Entertainment
Celebrity
Famous
Musical
Broadway
Show
Quote
Comic Books
Anime
Superhero
DC Comics
Marvel
Cartoons
Animation
Entertainment
Celebrity
Famous
Musical
Broadway
Show
Quote
Comic Books
Anime
Superhero
DC Comics
Marvel
Cartoons
Animation
Random Quiz
Search Sporcle
×
Quiz Lab
Quiz Lab
Entertainment
2012
Type in answers that appear in a list
Type in answers that appear in a list
Classic
Best Score? Go Orange.
Glamour UK 100 Sexiest Men 2012 Stats
Can you name the 100 Sexiest Men of 2012?
By
oopsiedoodle
10m
100 Questions
255 Plays
255 Plays
255 Plays
Comments
Comments
Give Quiz Kudos
Give Quiz Kudos
-
- Ratings
hide this ad
Replay
Link that replays current quiz
Next Quiz
Link to next quiz in quiz playlist
You Got
0%
They Got
Avg Score
35%
Avg Friend Score
Upgrade to see
Score Distribution
Jump to the score distribution portion of the page
Score
0/100
Timer
10:00
0
Plays Today
Occupation
% Correct
footballer
David Beckham
83.9%
actor
Brad Pitt
80.8%
actor
George Clooney
80.4%
actor
Johnny Depp
76.5%
actor
Will Smith
73.7%
singer
Harry Styles
71%
actor
Robert Pattinson
71%
actor
Channing Tatum
69.4%
actor
Matt Smith
69%
actor
Chris Hemsworth
68.6%
actor
Liam Hemsworth
67.8%
singer
Justin Bieber
67.8%
singer
Justin Timberlake
67.1%
actor
Ryan Gosling
65.9%
actor
Leonardo DiCaprio
65.5%
actor
Hugh Jackman
65.1%
actor
Taylor Lautner
64.7%
singer
Zayn Malik
63.1%
actor
Ryan Reynolds
62%
actor
Orlando Bloom
61.2%
actor
Bradley Cooper
60.8%
actor
Zac Efron
56.1%
actor
Benedict Cumberbatch
54.5%
singer
Louis Tomlinson
53.7%
actor
Christian Bale
53.7%
public figure
Prince Harry
52.2%
actor
Jake Gyllenhaal
51%
singer
Liam Payne
50.6%
actor
Daniel Craig
47.8%
actor
Chris Pine
47.8%
actor
Tom Hardy
47.8%
actor
James Franco
47.5%
singer
Niall Horan
47.5%
singer
Adam Levine
47.1%
Occupation
% Correct
actor
Andrew Garfield
45.9%
actor
Gerard Butler
45.5%
actor
Alexander Skarsgard
44.3%
actor
Michael Fassbender
44.3%
actor
Tom Hiddleston
43.9%
actor
James McAvoy
42.4%
actor
Colin Firth
42.4%
actor
Kellan Lutz
42.4%
actor
Matt Bomer
40.4%
singer and actor
Jared Leto
40.4%
actor
Henry Cavill
40.4%
actor
Ian Somerhalder
39.2%
actor
Alex Pettyfer
37.6%
singer
Olly Murs
36.5%
singer
Nick Jonas
35.3%
singer
Joe Jonas
34.9%
actor
Josh Hutcherson
33.7%
actor
Eddie Redmayne
33.3%
athlete
Tom Daley
32.9%
actor
Chace Crawford
32.9%
actor
Jeremy Renner
31%
actor
Ed Westwick
30.6%
actor
Joe Manganiello
29.8%
actor
Paul Wesley
29.8%
actor
David Tennant
29.4%
actor
Tom Felton
28.6%
actor
Jensen Ackles
27.8%
actor
Cory Monteith
27.5%
actor
Colin Farrell
27.1%
actor
Ashton Kutcher
26.7%
actor
Robert Downey Jr
25.9%
actor
Joseph Gordon-Levitt
25.5%
actor and TV presenter
Russell Brand
25.1%
actor
Joshua Jackson
21.6%
Occupation
% Correct
actor
Mark Salling
20.4%
actor
Josh Duhamel
19.6%
actor
Richard Armitage
19.2%
singer
Max George
18%
actor
Darren Criss
17.6%
model
David Gandy
16.1%
actor
Dan Stevens
12.5%
actor
Stephen Moyer
12.5%
actor
Chris Meloni
12.2%
singer
Gary Barlow
11.8%
actor
Joseph Morgan
11.4%
actor
Chris Colfer
11.4%
actor
Jamie Campbell Bower
10.2%
athlete
Ryan Lochte
9.8%
actor
Sam Worthington
9.8%
actor
Max Irons
9%
actor
Jared Padalecki
7.5%
actor
Garrett Hedlund
7.1%
singer
Aston Merrygold
6.7%
singer
Marvin Humes
5.9%
actor
Douglas Booth
5.5%
actor
Matthew McConnaughey
4.7%
singer
Jay McGuiness
3.5%
singer
Tom Parker
3.5%
actor
Aaron Taylor-Johnson
2.7%
singer
Conor Maynard
2%
singer
Siva Kaneswaran
2%
singer
Mika
1.6%
singer
Jared Followill
1.6%
singer
Caleb Followill
1.6%
actor
Shiloh Fernandez
1.2%
singer
Danny O’Donoghue
0%
Quiz Playlist
Details
Report
Send in Message
Add To Playlist
Classic:
Type in answers that appear in a list
Last Updated: Feb 16, 2017
Quiz Scoreboard
CHALLENGE
Sign Up to Join the Scoreboard
Show All
Scores
Hide
Comments
May contain spoilers
Recently Published
9x9 Crossword: Cartoon Network
by jackfrog10
Miscellaneous
3m
College Basketball Coaching Resumes
by pancakes188
Sports
9m
Billboard Blitz: Fleetwood Mac
by CooCooCachoo
Music
15s
More to Explore
Quiz From the Vault
Featured Blog Post
Where Did the Easter Bunny Come From?
hide this ad
You Might Also Like...
Tags
100
2012
glamour
men
occupation
Sexiest
Today's Top Quizzes in Entertainment
Browse Entertainment
hide this ad
Today's Top Quizzes in 2012
Browse 2012
Top Contributed Quizzes in Entertainment
1
7-to-1: DC Comics Villains
2
Marvel Characters Bunker
3
Eurovision 2023 Logic Puzzle
4
Dragon Ball Z: Goku's Fights in Order
5
Criteria Quickie: Cartoon Taxonomy II
6
Sorting Pictures: Villains
7
Kamen Rider Motifs
8
Mini Trivia Sudoku: Musicals
9
Fictional Villains Letter U Blitz
10
7-to-1: One Piece
Explore More
Trending Topics
Disney
Marvel
NBA
Anime
Crossword
Harry Potter
Kpop
WWE
Pokémon
Soccer
Song
Country
NFL
Puzzle
The Office
hide this ad
More By:
oopsiedoodle
Quiz
Plays
Rating
Category
Featured
Created
Glamour UK 100 Sexiest Men 2012
255
5.00
Entertainment
Dec 31, 2012
Famous Old Westminsters
12
Miscellaneous
Dec 31, 2012
Go to Creator's Profile
Score Distribution
Quiz Creator Spotlight
oopsiedoodle
Follow
Send a Message
Quizzes Created
-
Created Quiz Play Count
-
More By This Creator
Popular Quizzes Today
1
Find the US States - No Outlines Minefield
2
Find the Countries of Europe - No Outlines Minefield
3
The Countries of the World
4
Find the US States
5
Risky Map Clicking: Biggest States A-Z
6
US States
7
Popular People in 1961
8
Movies - When Are They Set?
More Entertainment Quizzes
Who's That With Tiger Woods?
Curator's Pick
Trending Quizzes
Risky Map Clicking: Least Populous States A-Z
1-10 Letter G Words
1-10 Letter F Words
Risky Map Clicking: Next State Alphabetically
Adjectives in 80s TV Shows
Recently Updated
Leaping Animals
pecheneg
Reality TV Shows (A-Z)
bhenderson79
Rickey Henderson's Hall of Fame Teammates
pecheneg
Champions League XIs: Arsenal
pecheneg
Quick Pick: Celebrities in WWE's Hall of Fame
aduchscher
A-Z Keypad Blitz II
pecheneg
Multiple Oscar Actors
pecheneg
Mystery Phrase Blitz: Oscar 'Best Actors'
pecheneg
F. Scott Fitzgerald Novels
LTH
Pick 3 Villains
ddd62291
Trending Topics
Kpop
Disney
Crossword
Anime
NBA
Marvel
Harry Potter
NFL
The Office
WWE
Pokémon
Puzzle
Country
Song
Soccer
Your Account Isn't Verified!
In order to create a playlist on Sporcle, you need to verify the email address you used during registration. Go to your
Sporcle Settings
to finish the process.
Report this User
Report this user for behavior that violates our
Community Guidelines
.
Details:
Send Report
Go to the Sporcle.com Mobile Site →
Comments